000 00264nam a2200097Ia 4500
001 1300570
005 20260420095906.0
008 260420s9999 xx 000 0 und d
245 0 _aŞAŞIRTICI GERÇEKLER MÜHENDİSLİK
_cNOODLE FUEL
260 _bTÜBİTAK YAYINLARI
999 _c1300570
_d1300570